Chăn nuôi dê sữa

Uloženo v:
Podrobná bibliografie
Hlavní autor: ĐINH VĂN BÌNH
Médium: Kniha
Jazyk:Undetermined
Vydáno: Hà Nội Nông Nghiệp 2001
Témata:
Tagy: Přidat tag
Žádné tagy, Buďte první, kdo otaguje tento záznam!
Thư viện lưu trữ: Trung tâm Học liệu Trường Đại học Cần Thơ
LEADER 00462nam a2200169Ia 4500
001 CTU_45571
008 210402s9999 xx 000 0 und d
082 |a 636.3 
082 |b B312/2001 
100 |a ĐINH VĂN BÌNH 
245 0 |a Chăn nuôi dê sữa 
245 0 |c ĐINH VĂN BÌNH 
260 |a Hà Nội 
260 |b Nông Nghiệp 
260 |c 2001 
650 |a goats - breeding 
980 |a Trung tâm Học liệu Trường Đại học Cần Thơ